000 00769 a2200205 4500
999 _c3659
_d3659
003 Nust
005 20170105101222.0
008 161123b xxu||||| |||| 00| 0 eng d
020 _a0415120470
020 _a9780415120470
040 _bLOC
_c123
100 1 _aFrieden, Jefry A-Lake,David A.
245 1 0 _aInternational political economy :
_bperspectives on global power and wealth, 3rd edition /
_cJefry A-Lake,David A Frieden.
260 _a[S.l.] :
_bBoston,MA:Bedford/St.Martin's,1995,
_c1995.
300 _a560 p.
500 _aPaperback.
856 4 0 _3Amazon.com
_uhttp://www.amazon.com/exec/obidos/ASIN/0415120470/chopaconline-20
856 4 0 _3Amazon customer reviews
_uhttp://www.chopac.org/cgi-bin/tools/azrev.pl?q=0415120470
942 _cBK
_k339.2 FRI
_2ddc